00905nam a2200241Ia 4500001000600000003000900006008004100015040001300056040001300069041001300082100002100095100002900116245004400145245004500189250001100234260001200245260001600257260004900273300005700322500022100379650003200600650003100632G9589IT-RoPAU130308s9999 xx 000 0 und d aIT-RoPAU cIT-RoPAU aITALIANO aOrtoleva Peppino gCodice Aut. SPICS: 17672 aTelecomunicazioni, distanze, identità€ bComcities. Geografie della Comunicazione a1a ed. aBOLOGNA bBaskerville c2001 [1° Ed.:2001 - Ed.Ling.Originale:2001] a"13 p. (prefazione: no ; testo: 13 [pagine: 61-73])" aFattori di cambiamento e Fattori di conservazione nella Nuova Geografia della Comunicazione. ridefinizione delle Distanze: Risultati di Alcune tendenze di Ricerca. Geografia delle Comunicazioni: Nuovo Campo di Studi. aSAGGI SULLA MULTIMEDIALITA' eCodice materia Spics: 4257